Normal view
MARC view
Entry Uniform Title
001 - CONTROL NUMBER
- control field: 24677
003 - CONTROL NUMBER IDENTIFIER
- control field: ARRUPE
005 - DATE AND TIME OF LATEST TRANSACTION
- control field: 20160810102107.0
008 - FIXED-LENGTH DATA ELEMENTS
- fixed length control field: 160810|| aca||aabn | a|a d
040 ## - CATALOGING SOURCE
- Original cataloging agency: ARRUPE
- Transcribing agency: ARRUPE
130 ## - HEADING--UNIFORM TITLE
- Uniform title: Bible.
- Name of part/section of a work: New Testament
- General subdivision: Canon.
670 ## - SOURCE DATA FOUND
- Source citation: Work cat.: (ARRUPE)0: Moule, C. F. D. (Charles Francis Digby), 1908-2007. 24676, The birth of the New Testament, 1966.